000 01185nam a2200253 a 4500
001 48407
003 BD-RjUL
005 20211209054523.0
008 160814s1994 ii ||||| |||| 00| 0 ben d
020 _a818547124X
_c: Tk. 50.00
035 _a(BD-RjUL)48526
040 _aBD-RjUL
_bben
_cBD-RjUL
041 _aben
082 _223
_a891.44109
_bSAB 1994
100 1 _aবন্দ্যোপাধ্যায়, সরোজ
_9118893
245 1 0 _aবিষ্ণু দে :
_bকালে, কালোত্তরে /
_cসরোজ বন্দ্যোপাধ্যায় ও পার্থপ্রতিম বন্দ্যোপাধ্যায়
250 _a১ম পুস্তক বিপণি সং.
260 _aকলিকাতা :
_bপুস্তক বিপণি,
_c১৯৯৪
300 _a[৮], ১৬৮ পৃ. ;
_c২২ সেমি.
650 _aবাংলা কবিতা
_vইতিহাস ও সমালচনা
_9146455
650 _aBengali poetry
_vHistory and Criticism
_9117725
700 _aবন্দ্যোপাধ্যায়, পার্থপ্রতিম
_9135968
942 _2ddc
_cBK
_02
999 _c48407
_d48407